000 00598nam a2200181Ia 4500
008 090123s9999 xx 000 0 und d
082 _b23062
_a891.463/रावजी
100 _a"रावजी आशू,दिनू काकडे"
245 _aअंकुर
250 _a1
260 _bडॉल्फिन लायब्ररी
_c1994
300 _a200
600 _a"रावजी आशू,दिनू काकडे"
630 _aअंकुर
700 _a"रावजी आशू,दिनू काकडे"
730 _aअंकुर
942 _cBOOK
999 _c61134
_d61134